00800 2200229 4500001002100000005001700021008004100038020001800079035002400097041000800121043001200129082001000141090001900151245013300170260003100303300002000334534013400354650002800488700002100516850001200537999002100549YOGYA-0511000000021320110503120730.0 ind  a979-21-0576-x 0010-051100000000213 aInd aYOPDYOG a362.6 aDEP 362.4bDar aDARI Roma untuk lansiabpernyataan Dewan Kepausan untuk kaum awam dan surat Paus Yohannes Paulus IIcpenerjemah, A. Widyamartaya aYogyakartabKanisiusc2002 a108 hlm.c19 cm aJudul asli: The dignity of older people and their mission in the church and the world, pontificial council for the laity, Vatican aUsia lanjut - pelayanan aWidyamartaya, A. aYOPDYOG a2002-276 CB-D.11